1424 1859 1863 1489 1400 1364 1855 1000 1495 1807 1754 1416 1239 1640 1187 1902 1345 1723 1066 1595 1058 1295 1154 1980 1954 1744 1427 1896 1633 1750 1420 1433 1412 1974 1368 1946 1528 1339 1536 1331 1104 1197 1235 1197 1629 1690 1598 1815 1278 1490 1357 1071 1676 1567 1729 1702 1974 1365 1993 1077 1509 1670 1890 1117 1272 1814 1042 1515 1295 1931 1981 1858 1531 1164 1786 1143 1009 1402 1298 1066 1127 1199 1765 1889 1797 1083 1451 1732 1164 1505 1138 1244 1462 1045 1166 1330 1991 1463 1244 BCNSPRNW ULIB Ver.6.0+V

เปลี่ยนเป็นภาษาไทย

Change to English
 แสดงรายละเอียดบรรณานุกรม
  กลับหน้าหลัก

Brief Record : Get Marc (ISO 2709) : E-mail record : QR code < ปิดหน้าต่าง
LEADER : 00000nam 2200000uu 4500
001    13399127359
003     ULIB
008    200512s2018||||th 000 0 tha d
020    ^a9781496355010
060 04 ^aWB354^bI43
245 00 ^aInfusion therapy :^bmade incredibly easy /^cClinicaleditor, Lynn Hadaway
246 31 ^aMade incredibly easy
250    ^a5th ed.
260    ^aPhiladelphia :^bWolters Kluwer,^cc2018
300    ^avii, 456 p. :^bill. ;^c23 cm.
504    ^aIncludes bibliographical references and index
650  2 ^aInfusions, Parenteral^xnursing
650  2 ^aFluid Therapy^xnursing
650  2 ^aParenteral Nutrition^xnursing
700 1  ^aHadaway, Lynn,^eed.
945    ^p1598^l0^i007032
999    ^aประนอม เกษจรัล
รายการนี้ยังไม่มีแท็ก
คุณยังไม่ได้ล็อกอิน คุณสามารถมีกิจกรรมร่วมกับเว็บไซต์ได้ แต่ต้องล็อกอินก่อน ::
  ล็อกอิน

รายการสื่อสารสนเทศ

ลำดับที่ ประเภท เลขเรียก/บาร์โค้ด สถานที่ สถานะ
1. วิทยาศาสตร์การแพทย์ และสุขภาพ
หนังสือสำรอง
สถานะ=หนังสือสำรอง
WB354 I43 ฉ.1 
  Barcode: 007032
ห้องสมุดวิทยาเขตสวรรค์ประชารักษ์
►หนังสือทั่วไป
บนชั้น

BibComment


ยังไม่เคยถูกคอมเมนท์

คอมเมนท์ทรัพยากรรายการนี้
  คอมเมนท์: Infusion therapy..


 Copyright 2026. Bcnsprnw @Library